000
00327nam a22001577a 4500
003
SGT
020
_a
9788184734522
082
_a
612.015
_b
B11H
100
_a
Harvey, Richard
245
_a
Biochemistry
250
_a
5th Ed.
260
_b
Wolters Kluwers
_c
2011
300
_a
520
650
_a
Biochemistry
942
_2
ddc
_c
BK
999
_c
32246
_d
32246